Cyclisme : Les coureurs WT Femmes 2025 - Statistiques

Statistiques générales
  • Ce quiz a été pris 30 fois
  • Le résultat moyen est 37 sur 253
Statistiques - réponses
Team Nat. Coureuse % Correct
FDJ SUEZ NL Demi Vollering
78%
FDJ SUEZ FR Juliette Labous
78%
Team Visma Lease a Bike FR Pauline Ferrand-Prévot
78%
FDJ SUEZ FR Evita Muzic
74%
Team SD Worx Protime BE Lotte Kopecky
74%
Team SD Worx Protime CZ Julia Kopecky
70%
CANYON SRAM PL Katarzyna Niewiadoma
70%
Team Visma Lease a Bike NL Marianne Vos
70%
Fenix Deceuninck NL Puck Pieterse
65%
UAE Team ADQ IT Elisa Longo Borghini
61%
Team SD Worx Protime NL Lorena Wiebes
61%
Liv AlUla Jayco ES Mavi Garcia
61%
FDJ SUEZ CH Elise Chabbey
48%
AG Insurance - Soudal Team BE Justine Ghekiere
48%
Team Visma Lease a Bike FR Marion Bunel
48%
Movistar Team CH Marlen Reusser
48%
FDJ SUEZ IT Vittoria Guazzini
48%
Team SD Worx Protime NL Anna Van der Breggen
43%
AG Insurance - Soudal Team ZA Ashleigh Moolman
43%
Movistar Team GB Cat Ferguson
43%
CANYON SRAM US Chloé Dygert
43%
Movistar Team DE Liane Lippert
43%
FDJ SUEZ FR Marie Le Net
43%
Lidl Trek NZ Niamh Fisher-Black
43%
AG Insurance - Soudal Team SI Urska Zigart
43%
Team SD Worx Protime HU Blanka Vas
39%
Lidl Trek IT Elisa Balsamo
39%
UAE Team ADQ FR Maeva Squiban
39%
Team Picnic PostNL IT Marta Cavalli
39%
FDJ SUEZ AU Ally Wollaston
35%
Lidl Trek FR Clara Copponi
35%
Lidl Trek NL Ellen Van Dijk
35%
FDJ SUEZ FR Jade Wiel
35%
FDJ SUEZ FR Léa Curinier
35%
Movistar Team FR Aude Biannic
30%
FDJ SUEZ FR Célia Gery
30%
Team Picnic PostNL NL Charlotte Kool
30%
CANYON SRAM IT Chiara Consonni
30%
Fenix Deceuninck NL Pauliena Rooijakkers
30%
CANYON SRAM GB Zoe Bäckstedt
30%
CANYON SRAM DK Cecilie Uttrup Ludwig
26%
Fenix Deceuninck AT Christina Schweinberger
26%
UAE Team ADQ IT Eleonora Gasparrini
26%
UAE Team ADQ GB Elynor Bäckstedt
26%
Human Powered Health AT Kathrin Schweinberger
26%
Team SD Worx Protime NL Mischa Bredewold
26%
UAE Team ADQ IT Silvia Persico
26%
CANYON SRAM DE Antonia Niedermaier
22%
Liv AlUla Jayco SE Caroline Andersson
22%
Fenix Deceuninck NL Ceylin Alvarado
22%
FDJ SUEZ FR Eglantine Rayer
22%
Team SD Worx Protime NL Femke Markus
22%
Team Picnic PostNL GB Pfeiffer Georgi
22%
Lidl Trek NL Riejanne Markus
22%
Uno X Mobility CA Simone Boilard
22%
Fenix Deceuninck NL Yara Kastelijn
22%
Lidl Trek GB Anna Henderson
17%
Human Powered Health IT Barbara Malcotti
17%
CERATIZIT FR Célia Le Mouel
17%
Team SD Worx Protime NL Chantal Van den Broek-Blaak
17%
CERATIZIT FR Dilyxine Miermont
17%
UAE Team ADQ IT Erica Magnaldi
17%
Team Visma Lease a Bike NL Fem Van Empel
17%
Team Picnic PostNL DE Franziska Koch
17%
Lidl Trek IT Gaia Realini
17%
Liv AlUla Jayco AU Georgia Baker
17%
AG Insurance - Soudal Team FR Gladys Verhulst-Wild
17%
UAE Team ADQ IE Lara Gillespie
17%
Human Powered Health US Lily Williams
17%
FDJ SUEZ NL Loes Adegeest
17%
Human Powered Health FR Maelle Grossetête
17%
Team Visma Lease a Bike FR Margaux Vigié
17%
Team SD Worx Protime PL Marta Lach
17%
Fenix Deceuninck BE Marthe Truyen
17%
Team Picnic PostNL IT Rachele Barbieri
17%
CANYON SRAM DE Ricarda Bauernfeind
17%
AG Insurance - Soudal Team AU Sarah Gigante
17%
UAE Team ADQ NL Sofie Van Rooijen
17%
Uno X Mobility NO Susanne Andersen
17%
Team Visma Lease a Bike SK Viktoria Chladonova
17%
Movistar Team CU Arlenis Sierra
13%
FDJ SUEZ FR Coralie Demay
13%
UAE Team ADQ PL Dominika Wlodarczyk
13%
Lidl Trek GB Elizabeth Deignan
13%
FDJ SUEZ FR Eugénie Duval
13%
Team SD Worx Protime NL Femke Gerritse
13%
Fenix Deceuninck BE Julie De Wilde
13%
UAE Team ADQ NL Karlijn Swinkels
13%
Uno X Mobility CH Linda Zanetti
13%
Team SD Worx Protime LU Marie Schreiber
13%
CERATIZIT NL Mylène De Zoete
13%
Team Picnic PostNL NL Nienke Vinke
13%
Liv AlUla Jayco AU Ruby Roseman-Gannon
13%
CERATIZIT DE Sandra Alonso
13%
CERATIZIT CA Sarah Van Dam
13%
Lidl Trek NL Shirin Van Anrooij
13%
Uno X Mobility DK Solbjork Anderson
13%
CANYON SRAM IT Soraya Paladin
13%
Roland NL Sylvie Swinkels
13%
UAE Team ADQ CZ Tereza Neumanova
13%
Team Picnic PostNL GB Abi Smith
9%
CANYON SRAM PL Agnieszka Skalniak-Sojka
9%
UAE Team ADQ BY Alena Amialiusik
9%
UAE Team ADQ RU Alena Ivanchenko
9%
FDJ SUEZ IT Alessia Vigilia
9%
AG Insurance - Soudal Team AU Alexandra Manly
9%
CANYON SRAM GB Alice Towers
9%
FDJ SUEZ NL Amber Kraak
9%
Fenix Deceuninck NL Annemarie Worst
9%
Lidl Trek CA Ava Holmgren
9%
UAE Team ADQ AU Brodie Chapman
9%
Fenix Deceuninck AT Carina Schrempf
9%
Human Powered Health PL Daria Pikulik
9%
Team Picnic PostNL IT Eleonora Ciabocco
9%
UAE Team ADQ GB Elizabeth Holden
9%
Team Picnic PostNL BE Ella Heremans
9%
Liv AlUla Jayco NZ Ella Wyllie
9%
Lidl Trek DK Emma Norsgaard
9%
Team Picnic PostNL NL Esmée Peperkamp
9%
CERATIZIT AF Fariba Hashimi
9%
Fenix Deceuninck GB Flora Perkins
9%
Human Powered Health IT Giada Borghesi
9%
UAE Team ADQ IT Greta Marturano
9%
Team Visma Lease a Bike GB Imogen Wolff
9%
Uno X Mobility NO Ingvild Gaskjenn
9%
Lidl Trek CA Isabella Holmgren
9%
Team Picnic PostNL GB Josie Nelson
9%
Team Picnic PostNL CO Juliana Londono
9%
AG Insurance - Soudal Team BE Julie Van de Velde
9%
Uno X Mobility NO Kamilla Aasebo
9%
Uno X Mobility NO Katrine Aalerud
9%
AG Insurance - Soudal Team MU Kimberley Pienaar
9%
Team SD Worx Protime AT Laura Stigger
9%
Liv AlUla Jayco IT Letizia Paternoster
9%
Team Visma Lease a Bike NL Lieke Nooijen
9%
AG Insurance - Soudal Team BE Lore De Schepper
9%
Human Powered Health CA Maggie Coles-Lyster
9%
Movistar Team NL Mareille Meijering
9%
Uno X Mobility IT Maria Confalonieri
9%
Team Visma Lease a Bike IT Martina Fidanza
9%
Team Visma Lease a Bike NL Maud Oudeman
9%
AG Insurance - Soudal Team ES Mireia Benito
9%
FDJ SUEZ NL Nina Buijsman
9%
Movistar Team CA Olivia Baril
9%
Movistar Team ES Paula Ostiz
9%
Movistar Team CO Paula Patino
9%
Liv AlUla Jayco NL Silke Smulders
9%
Team SD Worx Protime US Skylar Schneider
9%
Team SD Worx Protime CH Steffi Haberlin
9%
Lidl Trek AU Amanda Spratt
4%
Liv AlUla Jayco AU Amber Pate
4%
CANYON SRAM BY Anastasiya Kolesava
4%
Fenix Deceuninck NL Aniek Van Alphen
4%
Liv AlUla Jayco IT Anna Trevisi
4%
Uno X Mobility FI Anniina Ahtosalo
4%
Roland CY Antri Christoforou
4%
Team SD Worx Protime IT Barbara Guarischi
4%
Team Picnic PostNL GB Becky Storrie
4%
Movistar Team GB Carys Lloyd
4%
Fenix Deceuninck NL Cecilia Van Zuthem
4%
Movistar Team GB Claire Steels
4%
Team SD Worx Protime IT Elena Cecchini
4%
Team Picnic PostNL NL Elise Uijen
4%
Team Visma Lease a Bike NL Eva Van Agt
4%
Lidl Trek BE Fleur Moors
4%
Movistar Team NL Floortje Mackaij
4%
Team Picnic PostNL IT Francesca Barale
4%
Team SD Worx Protime NL Geerike Schreurs
4%
Roland IT Giulia Giuliana
4%
Lidl Trek IT Ilaria Sanguineti
4%
AG Insurance - Soudal Team NL Ilse Pluimers
4%
Fenix Deceuninck NL Inge Van der Heijden
4%
Human Powered Health ES Iurani Blanco
4%
Liv AlUla Jayco AU Josie Talbot
4%
Movistar Team ES Laura Ruiz Perez
4%
FDJ SUEZ NL Lauren Molengraaf
4%
Lidl Trek AU Lauretta Hanson
4%
Team Visma Lease a Bike DE Linda Riedmann
4%
Movistar Team ES Lucia Ruiz Perez
4%
CANYON SRAM NL Maike Van der Duin
4%
Team Picnic PostNL CA Mara Roldan
4%
Human Powered Health NL Marit Raaijmakers
4%
Uno X Mobility NO Marte Edseth
4%
AG Insurance - Soudal Team BE Marthe Goossens
4%
Team Picnic PostNL US Megan Jastrab
4%
Uno X Mobility NO Mia Gjertsen
4%
Roland IE Mia Griffin
4%
Uno X Mobility NO Mie Ottestad
4%
Team Visma Lease a Bike NL Mijntje Geurts
4%
Team SD Worx Protime NZ Mikayla Harvey
4%
Fenix Deceuninck GB Millie Couzens
4%
Human Powered Health AT Mona Mitterwallner
4%
Liv AlUla Jayco IT Monica Trinca Colonel
4%
Roland FR Morgane Coston
4%
CANYON SRAM AU Neve Bradbury
4%
Team Visma Lease a Bike NL Nienke Veenhoven
4%
Roland CH Petra Stiasny
4%
CERATIZIT HU Petra Zsanko
4%
Liv AlUla Jayco NL Quinty Ton
4%
UAE Team ADQ AE Safia Alsayegh
4%
Fenix Deceuninck IT Sara Casasola
4%
Movistar Team ES Sara Martin
4%
Team Picnic PostNL NL Silje Bader
4%
UAE Team ADQ IT Sofia Bertizzolo
4%
Roland RU Tamara Dronova-Balabolina
4%
Human Powered Health NL Thalita De Jong
4%
CANYON SRAM AU Tiffany Cromwell
4%
Human Powered Health PL Wiktoria Pikulik
4%
AG Insurance - Soudal Team BE Alana Castrique
0%
Uno X Mobility DK Alberte Greve
0%
Liv AlUla Jayco NL Amber Van der Hulst
0%
Movistar Team BR Ana Magalhaes
0%
Uno X Mobility NO Anne Ysland
0%
Uno X Mobility NL Anouska Koster
0%
AG Insurance - Soudal Team AU Anya Louw
0%
Team Visma Lease a Bike NL Carlijn Achtereekte
0%
Human Powered Health IT Carlotta Cipressi
0%
CERATIZIT NL Daniek Hengeveld
0%
Roland IT Elena Pirrone
0%
Uno X Mobility GB Elinor Barker
0%
Fenix Deceuninck NL Evy Kuijpers
0%
AG Insurance - Soudal Team BE Fauve Bastiaenssen
0%
Lidl Trek AU Felicity Wilson-Haffenden
0%
Team Visma Lease a Bike NL Femke De Vries
0%
CERATIZIT DE Franziska Braude
0%
AG Insurance - Soudal Team IT Gaia Masetti
0%
Roland IT Giorgia Vettorello
0%
Lidl Trek GB Izzy Sharp
0%
Liv AlUla Jayco NL Jeanne Korevaar
0%
Movistar Team RS Jelena Eric
0%
AG Insurance - Soudal Team SE Julia Borgström
0%
CANYON SRAM DE Justyna Czapla
0%
Roland PL Kaja Rysz
0%
Human Powered Health IT Katia Ragusa
0%
CERATIZIT CZ Kristyna Burlova
0%
CERATIZIT DE Lana Eberle
0%
AG Insurance - Soudal Team NL Leonie Bentveld
0%
Lidl Trek NL Lucinda Brand
0%
CANYON SRAM PT Maria Martins
0%
CERATIZIT PL Marta Jaskulska
0%
AG Insurance - Soudal Team NL Nicole Steigenga
0%
Uno X Mobility DK Rebecca Koerner
0%
Human Powered Health DE Romy Kasper
0%
CANYON SRAM DE Rosa Maria Klöser
0%
Team Visma Lease a Bike NL Rosita Reijnhout
0%
Human Powered Health US Ruth Edwards
0%
CERATIZIT IT Sara Fiorin
0%
Movistar Team ES Sheyla Gutierrez
0%
Human Powered Health IT Silvia Zanardi
0%
Team Visma Lease a Bike NL Sophie Von Berswordt
0%
Uno X Mobility NL Teuntje Beekhuis
0%
Roland IT Vittoria Ruffilli
0%
CANYON SRAM FI Wilma Aintila
0%
Aucun quiz correspondant
Distribution des résultats
% des personnes avec chaque résultat
Percentile par nombre de réponses
Votre historique - résultats
Vous n’avez pas pris ce quiz